[Event "Master Open"]
[Site "Voronezh"]
[Date "2018.06.14"]
[Round "3.20"]
[White "Salemgareev, Tagir"]
[Black "Belyakov, Bogdan"]
[Result "0-1"]
[WhiteElo "2387"]
[BlackElo "2490"]
[Annotator ""]
[Source ""]
[Remark ""]

1.Nf3 Nf6 2.d4 g6 3.c4 Bg7 4.g3 O-O 5.Bg2 d6 6.O-O Nc6 7.Nc3
a6 8.Bf4 Rb8 9.Rc1 h6 10.h3 g5 11.Be3 g4 12.hxg4 Nxg4 13.Qd2
Nxe3 14.Qxe3 e6 15.Rfd1 Ne7 16.Qd3 Ng6 17.b4 Bd7 18.a4 f5 19.b5
axb5 20.axb5 h5 21.Ra1 h4 22.Nxh4 Nxh4 23.gxh4 Qxh4 24.Qh3 Qg5
25.Qg3 Qxg3 26.fxg3 c5 27.e3 Rfc8 28.Na4 b6 29.Rac1 cxd4 30.exd4
Kf7 31.Bf3 Rc7 32.Kg2 Ra7 33.Ra1 Ke7 34.Kh1 Bh8 35.Kg2 Bf6 36.Kh1
Rc7 37.Rac1 Bg5 38.Rc3 Ra7 39.Ra3 Rc8 40.c5 Bxb5 41.cxd6+ Kxd6
42.Nc3 Rh7+ 43.Kg2 Bd7 44.Rb1 Bd8 45.Rb2 Rc4 46.Ne2 Bc7 47.Ra7
Rg7 48.Kf2 Rg8 49.Ke3 b5 50.Ra6+ Ke7 51.Ra7 Rc8 52.Bb7 Rb8 53.Bf3
Bb6 54.Ra1 e5 55.Rd2 Ra4 56.Rdd1 Be6 57.Rxa4 bxa4 58.Ra1 Bb3
59.Kd2 Bxd4 60.Nxd4 Rd8 61.Be2 Rxd4+ 62.Kc3 Be6 63.Ra3 Re4 64.Kd2
Rb4 65.Bd1 Bb3 66.Be2 Kf6 67.Ra1 Be6 68.Bd1 Rb2+ 69.Ke3 Rg2 70.g4
f4+ 71.Ke4 Rg1 0-1

[Event "Master Open"]
[Site "Voronezh"]
[Date "2018.06.14"]
[Round "3.21"]
[White "Pavlov, Sergey"]
[Black "Karpenko, Artem"]
[Result "1-0"]
[WhiteElo "2489"]
[BlackElo "2374"]
[Annotator ""]
[Source ""]
[Remark ""]

1.d4 d5 2.c4 c6 3.cxd5 cxd5 4.Bg5 Nc6 5.Nc3 Nf6 6.Bxf6 gxf6 7.e3
e6 8.Bd3 f5 9.Nge2 Bd6 10.a3 Bd7 11.Rc1 a6 12.b4 a5 13.b5 Na7
14.Qb3 Nc8 15.Na4 Nb6 16.Nc5 a4 17.Qb2 Qe7 18.Rc3 Rb8 19.g3 O-O
20.O-O Rfc8 21.Rfc1 Be8 22.Nf4 Rc7 23.Qe2 e5 24.Ng2 e4 25.Bb1
Nc4 26.Qh5 Qf6 27.Nh4 Bxb5 28.Nxf5 Bf8 29.Nh4 Rxc5 30.dxc5 Ne5
31.Nf5 Bd7 32.g4 Nf3+ 33.Kh1 Rc8 34.Ba2 Bc6 35.Nd6 Rd8 36.Qf5
Qh4 37.Qxf7+ Kh8 38.Qf4 Bxd6 39.cxd6 d4 40.exd4 e3 41.Rxc6 1-0

[Event "Master Open"]
[Site "Voronezh"]
[Date "2018.06.14"]
[Round "3.22"]
[White "Ioffe, Ilya"]
[Black "Khanin, Semen"]
[Result "1/2-1/2"]
[WhiteElo "2240"]
[BlackElo "2485"]
[Annotator ""]
[Source ""]
[Remark ""]

1.e4 c5 2.c3 Nf6 3.e5 Nd5 4.Nf3 Nc6 5.d4 cxd4 6.cxd4 d6 7.Bc4
dxe5 8.dxe5 Nb6 9.Qxd8+ Nxd8 10.Bb3 g6 11.Nc3 Bg7 12.Nb5 O-O
13.Be3 Bg4 14.Nxa7 Nd7 15.O-O-O Nxe5 16.h3 Bxf3 17.gxf3 Ne6 18.Bd5
Nc6 19.Nxc6 bxc6 20.Bb3 c5 21.Rd7 c4 22.Bxc4 Rfc8 23.b3 Rxa2
24.Rhd1 Rb2 25.R1d3 Bf6 26.Kd1 Kg7 27.R3d5 h6 28.f4 Ra8 29.Rd2
Rb1+ 30.Ke2 Rh1 31.Bd5 Raa1 32.Bxh1 Rxh1 33.Rd1 Rxh3 34.b4 Rh4
35.b5 Nxf4+ 36.Bxf4 Rxf4 37.Rb1 Bd4 38.f3 Bb6 39.Rxe7 h5 40.Re4
Rf5 41.Rc4 Re5+ 42.Kd2 Rd5+ 43.Kc2 Rd8 44.Rc6 Rb8 45.Kd3 h4 46.Kc4
g5 47.Kd5 h3 48.Rh1 Be3 49.Kc4 Rh8 50.b6 h2 51.b7 Rb8 52.Rc7
Bf4 53.Rd7 Kg6 54.Kd5 f5 55.Ra1 Rh8 1/2-1/2

[Event "Master Open"]
[Site "Voronezh"]
[Date "2018.06.14"]
[Round "3.23"]
[White "Kozionov, Kirill"]
[Black "Sergienko, Sergey"]
[Result "1-0"]
[WhiteElo "2456"]
[BlackElo "2315"]
[Annotator ""]
[Source ""]
[Remark ""]

1.d4 Nf6 2.c4 d6 3.Nf3 Nbd7 4.Nc3 e5 5.Bg5 Be7 6.e3 c6 7.Qc2
Qa5 8.Bd3 h6 9.Bh4 O-O 10.O-O Re8 11.Rab1 Nh5 12.b4 Qd8 13.Bxe7
Qxe7 14.c5 Nhf6 15.Bf5 d5 16.Bxd7 Nxd7 17.e4 exd4 18.Nxd4 Nf6
19.exd5 cxd5 20.Ncb5 Qe5 21.Rbd1 Bd7 22.Nd6 Re7 23.Nxb7 Bb5 24.Nd6
Ng4 25.Nf3 Qe2 26.Qb1 Rd7 27.h3 Rxd6 28.cxd6 Nf6 29.Rfe1 Qc4
30.Ne5 Qf4 31.Qc1 Qxb4 32.Qc7 Rf8 1-0

[Event "Master Open"]
[Site "Voronezh"]
[Date "2018.06.14"]
[Round "3.24"]
[White "Shagbazyan, Taron"]
[Black "Zaika, Daniil"]
[Result "1-0"]
[WhiteElo "2429"]
[BlackElo "2118"]
[Annotator ""]
[Source ""]
[Remark ""]

1.d4 d5 2.c4 c6 3.Nf3 Nf6 4.Nc3 dxc4 5.a4 Bf5 6.e3 e6 7.Bxc4
Bb4 8.O-O O-O 9.Qe2 Nbd7 10.e4 Bg6 11.e5 Nd5 12.Ne4 a5 13.Rd1
Qc7 14.Nh4 N7b6 15.Nxg6 hxg6 16.Bd3 Rfd8 17.Ng5 Nd7 18.h4 Nf8
19.h5 Ne7 20.hxg6 Nexg6 21.Be3 Rd7 22.Qg4 Ne7 23.Ne4 Nfg6 24.Qh3
Rad8 25.Ng5 c5 26.Qh7+ Kf8 27.Bxg6 Nxg6 28.Qxg6 fxg6 29.Nxe6+
Kg8 30.Nxc7 Rxc7 31.d5 Re8 32.e6 Rcc8 33.Bg5 1-0

[Event "Master Open"]
[Site "Voronezh"]
[Date "2018.06.14"]
[Round "3.25"]
[White "Gurvich, Vitaly"]
[Black "Korneev, Oleg"]
[Result "1/2-1/2"]
[WhiteElo "2305"]
[BlackElo "2517"]
[Annotator ""]
[Source ""]
[Remark ""]

1.d4 d5 2.c4 e6 3.Nf3 Nf6 4.Bg5 dxc4 5.Qa4+ Nbd7 6.e3 Be7 7.Bxc4
a6 8.O-O O-O 9.Be2 b5 10.Qc2 Bb7 11.Nbd2 Rc8 12.Bxf6 Nxf6 13.Nb3
Be4 14.Qd2 c5 15.dxc5 Bxc5 16.a4 Bd6 17.Rfc1 Rxc1+ 18.Qxc1 Qb8
19.axb5 axb5 20.h3 Rc8 21.Qf1 b4 22.Nbd4 h6 23.Rc1 Bf8 24.Nd2
Bd5 25.Bf3 e5 26.Nc6 Rxc6 27.Rxc6 Bxc6 28.Bxc6 Qd6 29.Qc1 g6
30.Qc2 Kg7 31.b3 h5 32.Bf3 Be7 33.h4 Qc5 34.Qxc5 Bxc5 35.Bc6
Ng4 36.Nc4 f6 37.g3 Nh6 38.Kg2 Nf5 39.Bd7 Nd6 40.Nxd6 Bxd6 41.e4
Bc5 1/2-1/2

[Event "Master Open"]
[Site "Voronezh"]
[Date "2018.06.14"]
[Round "3.26"]
[White "Maltsevskaya, Aleksandra"]
[Black "Matinian, Nikita"]
[Result "0-1"]
[WhiteElo "2279"]
[BlackElo "2496"]
[Annotator ""]
[Source ""]
[Remark ""]

1.d4 Nf6 2.Nf3 g6 3.g3 Bg7 4.Bg2 O-O 5.O-O d6 6.b3 Nc6 7.Bb2
e5 8.dxe5 Ng4 9.c4 dxe5 10.Nc3 Qe7 11.Nb5 Rd8 12.Qc1 a5 13.h3
Nh6 14.Nc3 e4 15.Ne1 Qe5 16.Nc2 Nf5 17.e3 Rd3 18.Na4 Qe7 19.Bxg7
Nxg7 20.Nd4 Nxd4 21.exd4 Rxd4 22.Nc3 f5 23.Nd5 Qe5 24.Qg5 Be6
25.Qe7 Qd6 26.Qxd6 cxd6 27.Rfd1 Rxd1+ 28.Rxd1 Rd8 29.Nf6+ Kf7
30.Nxh7 d5 31.f3 e3 32.cxd5 Rxd5 33.Rxd5 Bxd5 34.f4 Ke6 35.Bxd5+
Kxd5 36.Kf1 Kd4 37.Ng5 Nh5 38.Ke2 Nxg3+ 39.Kf3 e2 40.Kf2 Ne4+
41.Kxe2 Nxg5 42.fxg5 Ke4 0-1

[Event "Master Open"]
[Site "Voronezh"]
[Date "2018.06.14"]
[Round "3.27"]
[White "Zhitnikov, Konstantin"]
[Black "Golubov, Saveliy"]
[Result "0-1"]
[WhiteElo "2255"]
[BlackElo "2493"]
[Annotator ""]
[Source ""]
[Remark ""]

1.e4 e5 2.Nf3 Nc6 3.Bb5 a6 4.Ba4 Nge7 5.O-O g6 6.c3 Bg7 7.d4
exd4 8.cxd4 b5 9.Bb3 d6 10.a3 O-O 11.h3 h6 12.d5 Na5 13.Ba2 Nc4
14.Bxc4 bxc4 15.Re1 f5 16.e5 g5 17.exd6 Qxd6 18.Qe2 Ng6 19.Nfd2
Nf4 20.Qxc4 Bb7 21.Nc3 Bxc3 22.Qxc3 Rfe8 23.Nf3 Nxd5 24.Qc4 Rxe1+
25.Nxe1 Re8 26.Be3 Re4 27.Qb3 Bc6 28.Rc1 Ba4 29.Qa2 Qe6 30.Bd2
g4 31.hxg4 fxg4 32.Nd3 g3 33.fxg3 Re2 34.Nc5 Qe5 35.Bf4 Qd4+
36.Kh2 Bc6 37.Qc4 Qf2 38.Rg1 Rc2 39.Qe4 Nxf4 40.Qxc6 Rxc5 41.Qe8+
Kg7 42.Qe7+ Kg6 43.Qe4+ Rf5 44.Rc1 Nd5 45.Rc2 Qf1 46.Rc5 Nf6
47.Rc6 Qb5 48.Qg4+ Kf7 49.Rxc7+ Ke8 50.Qd4 Ng4+ 51.Qxg4 Rh5+
52.Qxh5+ Qxh5+ 53.Kg1 Qg6 54.Kh2 Qb6 55.Rc2 Kd7 56.b4 Qe3 57.a4
Qd4 58.b5 a5 59.b6 Qd5 60.b7 Qxb7 61.Rc4 Qb4 62.Rh4 Kc7 63.Kh3
Qd6 64.Kh2 Kc6 65.Rf4 Kc5 66.Rh4 Qg6 67.Rf4 h5 68.Rh4 Qg4 0-1

[Event "Master Open"]
[Site "Voronezh"]
[Date "2018.06.14"]
[Round "3.28"]
[White "Sargissyan, Sargis"]
[Black "Ulko, Jaroslav"]
[Result "0-1"]
[WhiteElo "2249"]
[BlackElo "2442"]
[Annotator ""]
[Source ""]
[Remark ""]

1.e4 c5 2.Nf3 e6 3.d4 cxd4 4.Nxd4 Nc6 5.Nc3 d6 6.Be3 Nf6 7.Qd2
e5 8.Nb3 Be7 9.f3 O-O 10.O-O-O a5 11.Qf2 a4 12.Bb6 Qe8 13.Nd2
a3 14.b3 Be6 15.Kb1 Nb4 16.Nb5 d5 17.c3 Na6 18.c4 dxc4 19.Bxc4
Bxc4 20.bxc4 Qc6 21.Rc1 Nd7 22.Be3 Ndc5 23.Qe2 Nc7 24.Bxc5 Bxc5
25.Nxc7 Qxc7 26.Nb3 Bd4 27.Rhd1 Bb2 28.Rc2 h6 29.Rd5 Qb6 30.Qf2
Qxb3 0-1

[Event "Master Open"]
[Site "Voronezh"]
[Date "2018.06.14"]
[Round "3.29"]
[White "Bryakin, Mikhail"]
[Black "Ergeshov, Timur"]
[Result "1-0"]
[WhiteElo "2407"]
[BlackElo "2290"]
[Annotator ""]
[Source ""]
[Remark ""]

1.d4 Nf6 2.c4 e6 3.g3 Bb4+ 4.Nd2 c5 5.a3 Bxd2+ 6.Qxd2 cxd4 7.Nf3
b6 8.b4 Bb7 9.Qxd4 a5 10.b5 O-O 11.Bg2 d5 12.Bb2 dxc4 13.Qxc4
Qd5 14.Qxd5 Bxd5 15.O-O Nbd7 16.Nd4 Ne4 17.Nc6 Rfe8 18.Rfd1 Ndc5
19.f3 Nd6 20.a4 Nc4 21.Bc1 Rac8 22.f4 Ne4 23.Bxe4 Bxe4 24.Rd4
Bd5 25.e4 Bxc6 26.Rxc4 Bb7 27.Rxc8 Rxc8 28.Be3 Bxe4 29.Bxb6 Rc2
30.Bxa5 Rg2+ 31.Kf1 Rxh2 32.Ra3 Kf8 33.Bc3 f6 34.a5 Rh1+ 35.Kf2
Rb1 36.b6 Ke7 37.Ra4 Bb7 38.Rc4 Kd6 39.Rc7 Bd5 40.Rxg7 e5 41.fxe5+
fxe5 42.Rxh7 Rb3 43.Rc7 Be6 44.Ke3 Bh3 45.Kd2 Rb1 46.Rh7 Bf5
47.Rh5 Ke6 48.a6 e4 49.a7 e3+ 50.Kxe3 1-0

[Event "Master Open"]
[Site "Voronezh"]
[Date "2018.06.14"]
[Round "3.30"]
[White "Rodin, Dmitrij"]
[Black "Solozhenkina, Elizaveta"]
[Result "1/2-1/2"]
[WhiteElo "2402"]
[BlackElo "2258"]
[Annotator ""]
[Source ""]
[Remark ""]

1.e4 c6 2.d4 d5 3.e5 Bf5 4.Nf3 e6 5.Be2 c5 6.Be3 Qb6 7.Nc3 Nc6
8.Na4 Qa5+ 9.c3 c4 10.O-O b5 11.Nc5 Bxc5 12.dxc5 Nge7 13.b4 cxb3
14.axb3 Qxc3 15.Nd4 Nxd4 16.Qxd4 Qxb3 17.c6 O-O 18.Rfc1 Nc8 19.c7
a5 20.Qc5 Qb2 21.Bxb5 Qxe5 22.Bc6 Ra7 23.Bd7 Ra8 24.Bd4 Qf4 25.Ra4
Nb6 26.Be3 Nxd7 27.Qxf8+ Rxf8 28.Bxf4 Nb6 29.Rxa5 f6 30.Bd6 Rc8
31.Ra7 Kf7 32.Rc5 Ke8 33.Rb7 Nc4 34.Bg3 Kd7 35.Rb8 Ne5 36.Bxe5
fxe5 37.Rxc8 Kxc8 38.Kf1 g5 39.Ke2 g4 40.g3 Be4 41.Kd2 h5 42.Kc1
Bg6 43.Kb2 Be8 44.Kb3 Bd7 45.Kb4 Kb7 46.Rc1 Bc8 47.Re1 Kxc7 48.Rxe5
Kd6 49.Rxh5 e5 50.Rh8 Bd7 51.Rd8 Ke7 52.Ra8 Kd6 53.Ra6+ Bc6 54.Rb6
d4 55.Kc4 Kc7 56.Kc5 Bf3 57.Rb3 Bg2 58.Ra3 Kd7 59.Ra6 Ke7 60.Rb6
Bf3 61.Kc4 Be4 62.Rh6 Bg2 63.Kd3 Kf7 64.Rh4 Bf3 65.h3 gxh3 66.Rxh3
Ke6 67.Rh8 Kf5 68.Re8 Bc6 69.Rf8+ Ke6 70.g4 Bb5+ 71.Kd2 Bd7 72.g5
Ke7 73.Rf6 Bb5 74.Rb6 Bc4 75.Rb7+ Ke6 76.Rb6+ Kf7 77.Rc6 Ba2
78.Kd3 Bb1+ 79.Kc4 Ba2+ 80.Kc5 Bb3 81.Rd6 Kg7 82.f4 exf4 83.Kxd4
Bc2 84.Rf6 Bd1 85.Rxf4 Kg6 86.Rf1 Bg4 87.Ke5 Kxg5 88.Rg1 Kh5
89.Kf4 Bc8 90.Rg8 Be6 91.Rg5+ Kh6 92.Re5 Bf7 93.Kf5 Kg7 94.Re7
Kg8 95.Kf6 Bb3 96.Re3 Ba2 97.Rg3+ Kh8 98.Rh3+ 1/2-1/2

[Event "Master Open"]
[Site "Voronezh"]
[Date "2018.06.14"]
[Round "3.32"]
[White "Polschikov, Alexey"]
[Black "Khokhlova, Daria"]
[Result "1/2-1/2"]
[WhiteElo "2398"]
[BlackElo "2198"]
[Annotator ""]
[Source ""]
[Remark ""]

1.e4 c5 2.Nf3 d6 3.d4 cxd4 4.Nxd4 Nf6 5.Nc3 a6 6.Be2 e5 7.Nb3
Be7 8.O-O O-O 9.Be3 Be6 10.f4 exf4 11.Rxf4 Nc6 12.Nd4 Nxd4 13.Bxd4
Nd7 14.Qd3 Ne5 15.Qg3 Bg5 16.Rff1 Bh4 17.Qe3 Nc6 18.Bb6 Qg5 19.Qxg5
Bxg5 20.a3 Bf6 21.Rfd1 Be5 22.Rab1 Rfe8 23.Nd5 Bxd5 24.Rxd5 g6
25.c3 Nd8 26.Bc7 Ne6 27.Bxd6 Bxd6 28.Rxd6 Nc5 29.Rd5 Nxe4 30.Bf3
Re7 31.a4 Rae8 32.a5 f5 33.h4 Kg7 34.Rbd1 Nf6 35.Rd8 Rxd8 36.Rxd8
Ng4 37.Bxg4 fxg4 38.Kf2 Kf6 39.Rd6+ Kf5 40.Rd5+ Kf6 41.c4 h5
42.b3 Re6 43.b4 Re4 44.Rc5 Re6 45.b5 axb5 46.cxb5 Re4 47.b6 Ke6
48.Rg5 Kf6 49.g3 Re7 50.Rb5 Re8 51.Rc5 Re4 1/2-1/2

[Event "Master Open"]
[Site "Voronezh"]
[Date "2018.06.14"]
[Round "3.33"]
[White "Dmitriev, Igor"]
[Black "Anikonov, Dmitry"]
[Result "0-1"]
[WhiteElo "2236"]
[BlackElo "2394"]
[Annotator ""]
[Source ""]
[Remark ""]

1.c4 d6 2.Nc3 e5 3.Nf3 f5 4.d4 e4 5.Nd2 Nf6 6.e3 c6 7.b4 Be7
8.Qb3 O-O 9.Be2 Be6 10.a4 Nbd7 11.a5 a6 12.Na4 Bf7 13.Nb1 Bh5
14.Bf1 Kh8 15.Nbc3 Qe8 16.h3 Bd8 17.Bd2 Bc7 18.Rc1 Qe7 19.Nb2
Rfe8 20.d5 Ne5 21.Ne2 Bf7 22.dxc6 bxc6 23.Qa4 c5 24.Ng3 Qe6 25.Be2
cxb4 26.O-O Reb8 27.Bxb4 g5 28.f4 exf3 29.Bxf3 Be8 30.Qa3 Nxf3+
31.Rxf3 Bc6 32.Rf2 Rxb4 33.Qxb4 Qe5 34.Qc3 f4 35.exf4 gxf4 36.Nd3
fxg3 37.Nxe5 gxf2+ 38.Kf1 dxe5 39.Qe3 Ne4 40.Qh6 Bd6 41.Ke2 Rf8
42.c5 Bb5+ 43.Ke3 Ng3 0-1

[Event "Master Open"]
[Site "Voronezh"]
[Date "2018.06.14"]
[Round "3.34"]
[White "Shemyakin, Valeriy"]
[Black "Shubin, Kirill"]
[Result "1/2-1/2"]
[WhiteElo "2229"]
[BlackElo "2391"]
[Annotator ""]
[Source ""]
[Remark ""]

1.d4 e6 2.c4 Nf6 3.g3 Bb4+ 4.Bd2 a5 5.Bg2 d6 6.Nc3 Nbd7 7.e3
e5 8.Nge2 O-O 9.O-O Re8 10.a3 Bxc3 11.Nxc3 Nb6 12.c5 dxc5 13.dxc5
Nbd5 14.Nxd5 Nxd5 15.Bxa5 Rxa5 16.b4 Nxe3 17.fxe3 Ra6 18.Bd5
Rf6 19.Rxf6 Qxf6 20.Qa4 Rf8 21.Rf1 Qd8 22.Rd1 Qe7 23.c6 b6 24.Qb3
g6 25.a4 h5 26.Rf1 Kg7 27.Qc4 f5 28.Ra1 f4 29.exf4 exf4 30.Qd4+
Kh7 31.gxf4 Rd8 32.Qe4 Qd6 33.Rd1 Bf5 34.Qe5 Qxe5 35.fxe5 Bc2
36.Rc1 Rxd5 37.Rxc2 Rxe5 38.Rd2 Re4 39.Rd7+ Kh6 40.Rxc7 Rxb4
41.Rc8 Rc4 42.h4 Rc2 43.c7 Kg7 44.Kf1 g5 45.hxg5 h4 46.g6 h3
47.Kg1 Rc1+ 48.Kh2 Rc3 1/2-1/2

[Event "Master Open"]
[Site "Voronezh"]
[Date "2018.06.14"]
[Round "3.35"]
[White "Lazarov, Alexander"]
[Black "German, Nikita"]
[Result "0-1"]
[WhiteElo "2389"]
[BlackElo "2182"]
[Annotator ""]
[Source ""]
[Remark ""]

1.c4 Nf6 2.Nc3 g6 3.g3 Bg7 4.Bg2 O-O 5.e4 d6 6.Nge2 e5 7.O-O
Re8 8.h3 Nbd7 9.d3 c6 10.Kh2 Rb8 11.f4 exf4 12.Bxf4 Nc5 13.Qd2
a6 14.b4 Ne6 15.Be3 b5 16.cxb5 axb5 17.d4 Nc7 18.d5 cxd5 19.exd5
Bb7 20.Bd4 Ncxd5 21.Nxd5 Nxd5 22.Bxg7 Kxg7 23.Bxd5 Bxd5 24.Qd4+
Kg8 25.Nc3 Ba8 26.Rf6 Qb6 27.Rxd6 Qxd4 28.Rxd4 Re3 29.Nd5 Re2+
30.Kg1 Kg7 31.Nf4 Rb2 32.Rf1 Rc8 33.Rd7 Rcc2 34.Ra7 Bc6 35.Rc7
Rxa2 36.h4 Rab2 37.g4 Be4 38.Ne6+ Kg8 39.Rd1 Rg2+ 40.Kf1 Rgf2+
41.Kg1 fxe6 42.Rd8+ Rf8 43.Rxf8+ Kxf8 44.Rxh7 Rg2+ 0-1

[Event "Master Open"]
[Site "Voronezh"]
[Date "2018.06.14"]
[Round "3.36"]
[White "Ibadov, Dashgyn"]
[Black "Tsoi, Dmitry"]
[Result "0-1"]
[WhiteElo "2214"]
[BlackElo "2382"]
[Annotator ""]
[Source ""]
[Remark ""]

1.e4 e5 2.Nf3 d6 3.d4 exd4 4.Nxd4 Nf6 5.Nc3 Be7 6.Be2 O-O 7.g4
Nc6 8.g5 Nd7 9.h4 Nxd4 10.Qxd4 c6 11.Bf4 Nc5 12.Qd2 b5 13.Bf3
Be6 14.Ne2 Qb6 15.Nd4 Rad8 16.Nf5 Rfe8 17.Nxe7+ Rxe7 18.Be3 Qc7
19.O-O-O Na6 20.Kb1 c5 21.b3 c4 22.Bd4 Rc8 23.h5 c3 24.Qc1 Qa5
25.a3 Bxb3 26.cxb3 c2+ 27.Kb2 cxd1N+ 28.Qxd1 Rec7 29.Bg4 Rc2+
30.Qxc2 Rxc2+ 31.Kxc2 Qxa3 32.Rc1 Qa2+ 33.Kd1 Qxb3+ 34.Ke2 Nc5
35.Be3 Qd3+ 36.Kf3 b4 37.Kg2 b3 38.Rd1 b2 0-1

[Event "Master Open"]
[Site "Voronezh"]
[Date "2018.06.14"]
[Round "3.37"]
[White "Provotorov, Ivan"]
[Black "Volotovsky, Kirill"]
[Result "1-0"]
[WhiteElo "2378"]
[BlackElo "2159"]
[Annotator ""]
[Source ""]
[Remark ""]

1.c4 e6 2.Nc3 Bb4 3.Qc2 c5 4.a3 Ba5 5.Nf3 Nc6 6.g3 Nf6 7.Bg2
O-O 8.O-O d6 9.e3 e5 10.Nd5 Bg4 11.Ng5 g6 12.f4 exf4 13.gxf4
Bf5 14.d3 h6 15.Ne4 Nxd5 16.cxd5 Bxe4 17.dxe4 Ne7 18.b3 Kh7 19.Bb2
f5 20.Kh1 fxe4 21.Bxe4 Nf5 22.Rg1 Qd7 23.Rxg6 Kxg6 24.Rg1+ Kh7
25.Bxf5+ Rxf5 26.Rg7+ Qxg7 27.Bxg7 Kg6 28.Qf2 Kf7 29.Bxh6 Rg8
30.Qh4 Rf6 31.Bg5 1-0

[Event "Master Open"]
[Site "Voronezh"]
[Date "2018.06.14"]
[Round "3.38"]
[White "Lystsov, Leonid"]
[Black "Gubajdullin, Alexei"]
[Result "0-1"]
[WhiteElo "2086"]
[BlackElo "2375"]
[Annotator ""]
[Source ""]
[Remark ""]

1.d4 g6 2.Bf4 Bg7 3.Nc3 d6 4.h4 Nc6 5.Nf3 Bg4 6.d5 e5 7.dxe6
Bxe6 8.h5 gxh5 9.Qd2 Nf6 10.O-O-O Qd7 11.e3 a6 12.Nd4 d5 13.Be2
O-O-O 14.Bxh5 Nxh5 15.Rxh5 Na5 16.f3 Nc4 17.Qd3 Qe7 18.a3 h6
19.e4 Qf6 20.Nce2 dxe4 21.Qxe4 Rd7 22.Rc5 Rhd8 23.Rd3 Nd6 24.Qe3
Bc4 25.Rc6 Bxd3 26.Be5 Qe7 0-1

[Event "Master Open"]
[Site "Voronezh"]
[Date "2018.06.14"]
[Round "3.39"]
[White "Bykov, Oleg"]
[Black "Volkov, Roman"]
[Result "1-0"]
[WhiteElo "2375"]
[BlackElo "2116"]
[Annotator ""]
[Source ""]
[Remark ""]

1.d4 Nf6 2.c4 g6 3.Nc3 d5 4.Bg5 Ne4 5.Bh4 Nxc3 6.bxc3 dxc4 7.e3
Be6 8.Be2 Bg7 9.Nh3 Bxh3 10.gxh3 Qd7 11.O-O O-O 12.Bxc4 c5 13.Rb1
Nc6 14.Qg4 e6 15.Rb5 cxd4 16.cxd4 Rac8 17.Qe2 b6 18.Bg3 Rfd8
19.Rbb1 e5 20.d5 Ne7 21.e4 Qxh3 22.f4 exf4 23.Rxf4 Be5 24.Rh4
Bd4+ 25.Kh1 Qd7 26.Bb5 Qb7 27.Ba6 Qd7 28.Bxc8 Rxc8 29.Rd1 Bg7
30.Rf4 Re8 31.Qf1 Nc8 32.Qg2 Nd6 33.Re1 b5 34.Rff1 Nc4 35.Bh4
Qd6 36.Qf2 Ne5 37.Qxa7 f5 38.Bg3 fxe4 39.Bxe5 Qxe5 40.Qf7+ Kh8
41.d6 e3 42.d7 Rd8 43.Rf3 e2 44.Rf2 Qe4+ 45.Rg2 Bd4 46.h3 Qf5
47.Qxf5 gxf5 48.Rexe2 1-0

[Event "Master Open"]
[Site "Voronezh"]
[Date "2018.06.14"]
[Round "3.40"]
[White "Gutkovich, Polina"]
[Black "Apryshko, Gleb"]
[Result "0-1"]
[WhiteElo "2046"]
[BlackElo "2366"]
[Annotator ""]
[Source ""]
[Remark ""]

1.d4 g6 2.e4 Bg7 3.Nc3 d6 4.Be3 a6 5.a4 b6 6.g3 Bb7 7.Bg2 Nd7
8.Nge2 e6 9.Qd2 h6 10.O-O Ne7 11.Rae1 Nf6 12.h3 Qd7 13.b3 Rb8
14.Kh2 h5 15.f3 Kf8 16.h4 Kg8 17.Bh3 Qe8 18.Nd1 Nc6 19.Nf2 Nd7
20.Nd3 Nf6 21.Nf2 Qf8 22.c3 Na5 23.Nc1 d5 24.e5 Nd7 25.Bg5 Qa3
26.Qc2 c5 27.Be7 Re8 28.Bd6 Bf8 29.Bxf8 Kxf8 30.dxc5 bxc5 31.c4
Nb6 32.cxd5 Bxd5 33.Qd2 Qb4 34.Qxb4 cxb4 35.Re3 Rc8 36.Ne4 Rc2+
37.Kg1 Ba8 38.Re2 Rxe2 39.Nxe2 Bxe4 40.fxe4 Ke7 41.Rd1 Rd8 42.Rxd8
Kxd8 43.Nd4 Nd7 44.Nc2 Nc6 45.g4 hxg4 46.Bxg4 Nc5 47.h5 gxh5
48.Bxh5 Nxb3 49.Bxf7 Nbd4 50.Ne3 Nxe5 51.Bh5 b3 52.Nd1 Nc4 53.Kf2
b2 54.Nc3 Na3 55.Ke3 Ndc2+ 56.Kd2 Nb4 57.e5 b1Q 58.Nxb1 Nxb1+
59.Ke3 Nc3 60.a5 Nb5 61.Bf3 Kc7 62.Bg4 Kd7 63.Kf4 Nc6 64.Bh3
Nxa5 65.Kg5 Ke7 0-1

[Event "Master Open"]
[Site "Voronezh"]
[Date "2018.06.14"]
[Round "3.41"]
[White "Malyshev, Grigory"]
[Black "Thrish, Karthik"]
[Result "1/2-1/2"]
[WhiteElo "2362"]
[BlackElo "2111"]
[Annotator ""]
[Source ""]
[Remark ""]

1.d4 d5 2.c4 c6 3.Nf3 Nf6 4.e3 a6 5.Bd3 g6 6.O-O Bg7 7.Qc2 O-O
8.b3 Nbd7 9.Bb2 b5 10.Nbd2 Bb7 11.Rfd1 Rc8 12.c5 Qc7 13.b4 e5
14.e4 dxe4 15.Bxe4 exd4 16.Bxd4 Rfe8 17.Re1 Rcd8 18.Rad1 Nf8
19.Bc3 Bc8 20.Bxf6 Bxf6 21.Nb3 Ne6 22.Rxd8 Nxd8 23.Re3 Kg7 24.g3
Bg4 25.Qd3 Ne6 26.h4 Rd8 27.Qc2 Bxf3 28.Rxf3 Nd4 29.Nxd4 Rxd4
30.a3 Rc4 31.Qb1 a5 32.Bd3 Rc3 33.Be4 Rc4 34.Bd3 Rc3 1/2-1/2

[Event "Master Open"]
[Site "Voronezh"]
[Date "2018.06.14"]
[Round "3.42"]
[White "Kyshtymov, Daniil"]
[Black "Yagupov, Igor"]
[Result "1/2-1/2"]
[WhiteElo "2032"]
[BlackElo "2359"]
[Annotator ""]
[Source ""]
[Remark ""]

1.e4 d6 2.d4 Nf6 3.Nc3 e5 4.Nf3 Nbd7 5.Bc4 Be7 6.O-O O-O 7.Bg5
c6 8.a4 a5 9.Qe2 exd4 10.Nxd4 Ne5 11.Bb3 Re8 12.Rad1 Bg4 13.f3
Bd7 14.Kh1 Qc7 15.Bf4 Ng6 16.Bxf7+ Kxf7 17.Qc4+ Kf8 18.Ndb5 Qc8
19.Nxd6 Be6 20.Qd4 Bxd6 21.Bxd6+ Kg8 22.f4 Rd8 23.Qe3 Bc4 24.Rfe1
Ne8 25.Bc5 Qg4 26.f5 Nf4 27.g3 Nh3 28.Be7 Rxd1 29.Rxd1 Nf6 30.Kg2
Re8 31.Bxf6 gxf6 32.Qd4 Bf7 33.e5 Bh5 34.exf6 Qxf5 35.Rf1 Qe6
36.Qh4 Bg6 37.f7+ Bxf7 38.Qxh3 Qg6 39.Qf5 Qxf5 40.Rxf5 Bg6 41.Rxa5
Bxc2 42.Ra7 Re7 43.a5 Kf7 44.Kf2 Bd3 45.Na4 1/2-1/2

[Event "Master Open"]
[Site "Voronezh"]
[Date "2018.06.14"]
[Round "3.43"]
[White "Pogosyan, Stefan"]
[Black "Sinitsina, Anastassia"]
[Result "1/2-1/2"]
[WhiteElo "2359"]
[BlackElo "2009"]
[Annotator ""]
[Source ""]
[Remark ""]

1.d4 Nf6 2.c4 c5 3.d5 b5 4.cxb5 a6 5.b6 d6 6.Nc3 Nbd7 7.a4 Qxb6
8.a5 Qb7 9.e4 g6 10.Nf3 Bg7 11.h3 O-O 12.Bc4 Ne8 13.O-O Nc7 14.Qd3
Rb8 15.Re1 Nb5 16.Bxb5 axb5 17.a6 Qa8 18.a7 Rb6 19.Nxb5 Ba6 20.Rxa6
Rxa6 21.Nc7 Qxa7 22.Nxa6 Ra8 23.Qb5 Ne5 24.Nxe5 Bxe5 25.Nxc5
Qxc5 26.Qxc5 dxc5 27.f4 Bd4+ 28.Be3 Ra4 29.Kf2 f5 30.exf5 Bxb2
31.fxg6 hxg6 32.Bxc5 Rxf4+ 33.Ke3 Rf5 34.Bd4 Ba3 35.Ke4 Bd6 36.g4
Rf4+ 37.Ke3 Rf8 38.Rb1 Ra8 39.Rb3 Ra2 40.Rc3 Kf7 41.Ke4 Re2+
42.Kd3 Rh2 43.Kc4 Ke8 44.Rf3 Rc2+ 45.Kd3 Ra2 46.Ke4 Re2+ 47.Kd3
Ra2 48.Bc3 Ra3 49.Ke4 Ra4+ 50.Bd4 Bc5 51.Rd3 Kd7 52.h4 Kd6 53.h5
gxh5 54.gxh5 e5 55.dxe6 Kxe6 56.h6 Rxd4+ 57.Rxd4 Bxd4 58.Kxd4
Kf6 59.h7 Kg7 1/2-1/2

[Event "Master Open"]
[Site "Voronezh"]
[Date "2018.06.14"]
[Round "3.44"]
[White "Yangutov, Aleksey"]
[Black "Sattarov, Bobir"]
[Result "1/2-1/2"]
[WhiteElo "1975"]
[BlackElo "2351"]
[Annotator ""]
[Source ""]
[Remark ""]

1.d4 Nf6 2.Nf3 c5 3.d5 e6 4.c4 exd5 5.cxd5 d6 6.Nc3 g6 7.g3 Bg7
8.Bg2 O-O 9.O-O Re8 10.Bf4 Ne4 11.Nxe4 Rxe4 12.Nd2 Rxf4 13.gxf4
Bxb2 14.Rb1 Bg7 15.a4 Na6 16.Nc4 Bh6 17.Qd2 b6 18.e3 Rb8 19.Rfe1
Qe7 20.Qe2 Nb4 21.Na3 Bb7 22.Qc4 Qd7 23.Rxb4 cxb4 24.Qxb4 Rc8
25.Nb5 Rc5 26.Qb3 Ba6 27.Rb1 Bg7 28.h3 Qe7 29.Qd3 Bc8 30.Qe4
Qd8 31.Qf3 Qe7 32.Qe4 Qd8 33.Qf3 1/2-1/2

[Event "Master Open"]
[Site "Voronezh"]
[Date "2018.06.14"]
[Round "3.45"]
[White "Demianjuk, Alexander"]
[Black "Seregina, Maria"]
[Result "1-0"]
[WhiteElo "2346"]
[BlackElo "1873"]
[Annotator ""]
[Source ""]
[Remark ""]

1.Nf3 f5 2.d3 Nf6 3.e4 d6 4.exf5 Bxf5 5.d4 c6 6.Bd3 Bg4 7.O-O
Qb6 8.Nbd2 Nbd7 9.Re1 O-O-O 10.h3 Bh5 11.c3 e5 12.Qb3 Re8 13.dxe5
dxe5 14.g4 Bg6 15.Qxb6 axb6 16.Bxg6 hxg6 17.Ng5 Nc5 18.Nb3 Nd3
19.Re3 Nxc1 20.Rxc1 Nd5 21.Nf7 Rh4 22.Rxe5 Rxe5 23.Nxe5 Rxh3
24.Nxg6 Bd6 25.c4 Nf6 26.Rd1 Kc7 27.g5 Ne4 28.f4 Rg3+ 29.Kf1
Bxf4 30.Nxf4 Rf3+ 31.Ke2 Rxf4 32.Ke3 Rg4 33.Rd4 Nf2 34.Kxf2 Rxd4
35.Nxd4 1-0

[Event "Master Open"]
[Site "Voronezh"]
[Date "2018.06.14"]
[Round "3.46"]
[White "Selifonova, Aleksandra"]
[Black "Makarian, Rudik"]
[Result "0-1"]
[WhiteElo "1920"]
[BlackElo "2343"]
[Annotator ""]
[Source ""]
[Remark ""]

1.e4 e6 2.d4 d5 3.exd5 exd5 4.Nf3 Nf6 5.Nc3 Bd6 6.Bd3 O-O 7.O-O
h6 8.Nb5 Be7 9.Bf4 Na6 10.Ne5 c6 11.Nc3 Nb4 12.Be2 Bf5 13.Rc1
Ne4 14.Nxe4 dxe4 15.Bc4 Nd5 16.Bg3 f6 17.Ng4 Bxg4 18.Qxg4 f5
19.Qf4 Bg5 20.Qe5 Bxc1 21.Rxc1 Qd7 22.Qd6 Qf7 23.Be5 Rad8 24.Qc5
a6 25.g3 Kh7 26.Qa3 Qg6 27.Kh1 Nf6 28.Bd6 Rfe8 29.Kg2 Ng4 30.Bc5
f4 31.Qb3 Rd7 32.h3 f3+ 33.Kg1 Nxf2 34.Kxf2 e3+ 35.Kxf3 Qe4+ 0-1

[Event "Master Open"]
[Site "Voronezh"]
[Date "2018.06.14"]
[Round "3.47"]
[White "Moskalenko, Alexander"]
[Black "Sukhareva, Evgeniya"]
[Result "1-0"]
[WhiteElo "2558"]
[BlackElo "2234"]
[Annotator ""]
[Source ""]
[Remark ""]

1.Nf3 Nf6 2.d4 e6 3.Bf4 b6 4.e3 Bb7 5.c4 g6 6.Nc3 Bg7 7.Qc2 d6
8.Be2 Nbd7 9.h3 h6 10.Bh2 Qe7 11.Nb5 Qd8 12.Bxd6 cxd6 13.Nxd6+
Ke7 14.Ne5 Bxg2 15.Ndxf7 Nxe5 16.Nxd8 Be4 17.Qa4 Bxh1 18.dxe5
Rhxd8 19.exf6+ Bxf6 20.Rd1 Rxd1+ 21.Bxd1 h5 22.Bc2 g5 23.Bg6
Bf3 24.Qa3+ Kd7 25.Bc2 h4 26.Qd3+ Ke7 27.Qh7+ Kd6 28.Qf7 1-0